Verejné knihy a pozemkovoknižné konanie. Pohľady do histórie evidovania právnych vzťahov k nehnuteľnostiam. 1.
Verejné knihy - právny inštitút, v ktorom sa v minulosti u nás evidovali právne vzťahy k nehnuteľnostiam - knihy pozemkové, železničné, banské. Podrobnejšie o pozemkových knihách (platili od 15.12.1885 do r. 1951).
Saved in:
| Main Author: | |
|---|---|
| Format: | Book Chapter |
| Language: | Slovak |
| Subjects: | |
| Tags: |
No Tags, Be the first to tag this record!
|
MARC
| LEADER | 00000naa a2200000 4500 | ||
|---|---|---|---|
| 001 | r012052 | ||
| 005 | 20220826095027.6 | ||
| 041 | 0 | |a slo | |
| 044 | |a SK | ||
| 245 | 1 | 0 | |a Verejné knihy a pozemkovoknižné konanie. |b Pohľady do histórie evidovania právnych vzťahov k nehnuteľnostiam. 1. |c Š. Mikulášek |
| 520 | |a Verejné knihy - právny inštitút, v ktorom sa v minulosti u nás evidovali právne vzťahy k nehnuteľnostiam - knihy pozemkové, železničné, banské. Podrobnejšie o pozemkových knihách (platili od 15.12.1885 do r. 1951). | ||
| 610 | 2 | 0 | |a knihy pozemkové |
| 610 | 2 | 0 | |a nehnuteľnosti |
| 610 | 2 | 0 | |a vlastníctvo |
| 610 | 2 | 0 | |a Slovensko |
| 100 | 1 | |a Mikulášek, Š. | |